Top 10 Honey Producing Countries - Statistics

General Stats
  • This quiz has been taken 183 times
  • The average score is 8 of 10
Answer Stats
# % Tonnes Answer % Correct
4 6 79,218 United States
99%
1 20 298,000 China
97%
7 4 52,000 India
92%
6 4 52,126 Russia
87%
8 4 50,631 Mexico
81%
10 3 37,000 Spain
76%
2 6 82,336 Turkey
75%
3 6 80,000 Argentina
66%
5 5 71,462 Ukraine
58%
9 3 41,000 Ethiopia
20%
No matching quizzes found
Score Distribution
Percent of People with Each Score
Percentile by Number Answered
Your Score History
You have not taken this quiz